ბათუმის შოთა რუსთაველის სახელმწიფო უნივერსიტეტის ბიბლიოთეკა

ჩანაწერი Corporate Name

ჩანაწერთა რაოდენობა, რომელიც გამოყენებულია: 3

001 - CONTROL NUMBER

  • control field: 6937

003 - CONTROL NUMBER IDENTIFIER

  • control field: GE_BSU

005 - DATE AND TIME OF LATEST TRANSACTION

  • control field: 20200210121445.0

008 - FIXED-LENGTH DATA ELEMENTS

  • fixed length control field: 200210|| aca||aabn | a|a d

040 ## - CATALOGING SOURCE

  • Original cataloging agency: GE_BSU
  • Transcribing agency: GE_BSU

110 ## - HEADING--CORPORATE NAME

  • Corporate name or jurisdiction name as entry element:
  • Relator term: გრიგოლ რობაქიძის სახ. უნ-ტი, ფილოს. და სოციალ. მეცნ. კვლევ. ინ-ტი

670 ## - SOURCE DATA FOUND

  • Source citation: Work cat.: (GE_BSU)50325: იეკი, უდო რაინჰოლდ. 6925, Erlauterungen zur georgischen Philosophie = განაზრებანი ქართული ფილოსოფიის შესახებ /